Psyllium - zdroj rozpustnej vlákniny bakalárska práca

Gespeichert in:
Bibliographische Detailangaben
1. Verfasser: Siváková, Laura
Format: Buch
Sprache:Slowakisch
Veröffentlicht: Bratislava STU FCHPT 2016
Online-Zugang:Im OPAC anzeigen
Tags: Tag hinzufügen
Keine Tags, Fügen Sie das erste Tag hinzu!

MARC

LEADER 00000nam a2200000 a 4500
005 20260127134121.0
008 160913 2016 000 0 slo d
035 |a vtls011579370 
039 9 |y 201609131349  |z mschk03 
040 |a STUSCHK1  |b slo  |c STUSCHK1  |e AACR2 
100 1 |a Siváková, Laura 
245 1 |a Psyllium - zdroj rozpustnej vlákniny  |b bakalárska práca  |c 2016 
260 |a Bratislava  |b STU FCHPT  |c 2016 
300 |a 53 s.  |b il.  |c 25 cm 
500 |a Študijný program: výživa, kozmetika, ochrana zdravia 
500 |a Študijný odbor: potravinárstvo 
500 |a Školiace pracovisko: Odd. výživy a hodnotenia kvality potravín 
500 |a Evid. číslo: FCHPT-104558-60531 
910 |a SCHK95 
999 |c 4462  |d 4462